000 00888nam a2200241 4500
001 121823
003 ES-MaACL
005 20250722063145.0
007 t|
008 070214s1967 mx r ||||1| spa d
100 1 _aPlinio Cecilio Segundo, Cayo
_992658
245 1 0 _aPanerígico de Trajano
_b: ; y cartas /
_cpor Plinio el Joven ; traducción por Francisco de Barreda y Francisco Navarro . Vidas de varones ilustres / Cornelio Nepote ; traducción del latín por D. Rodrigo de Oviedo.
260 _aMéxico :
_bEd. Nacional,
_c1967.
300 _a399 p. ;
_c18 cm.
700 1 _aBarreda, Francisco de.
_925878
700 1 _aNavarro, Francisco.
_985066
700 1 _aNepote, Cornelio.
_985385
700 1 _aOviedo, Rodrigo de.
_988019
740 0 _aCartas.
740 0 _aVidas de varones ilustres.
852 _aES-MaACL
_jE-9660
_bR.93931
999 _c121823
_d121823